Az online kereskedelem fejlődése és aktuális trendjei
| Szerző: | |
|---|---|
| További közreműködők: | |
| Dokumentumtípus: | Projektmunka |
| Kulcsszavak: | e-kereskedelem elektronikus kereskedelem - online kereskedelem fogyasztói szokások magatartás takarmányok trend vásárlás |
| Online Access: | http://dolgozattar.uni-bge.hu/59777 |
MARC
| LEADER | 00000nnm a2200000 i 4500 | ||
|---|---|---|---|
| 001 | dolg59777 | ||
| 005 | 20260409145542.0 | ||
| 008 | 260409suuuu hu o 000 hun d | ||
| 040 | |a BGE Dolgozattár Repozitórium |b hun | ||
| 041 | |a hu | ||
| 100 | 1 | |a Józsa Balázs Bendegúz | |
| 245 | 1 | 3 | |a Az online kereskedelem fejlődése és aktuális trendjei |c Józsa Balázs Bendegúz |h [elektronikus dokumentum] |
| 516 | |a Project_work | ||
| 520 | 3 | |a A projektmunkám során az online kereskedelem fejlődését, átalakulását és aktuális trendjeit kutattam. A kérdőíves kutatásom során célom volt feltérképezni a magyar fogyasztók online vásárlási szokásait és hogy milyen tényezők befolyásolják a vásárlásaikat. Továbbá kutattam, hogy milyen jövője lehet az online kereskedelemnek a takarmánykereskedelemben, milyen tényezők akadályozzák az online értékesítés térnyerését a takarmánykereskedelemben, és hogy hogyan lehetne fejleszteni az online kereskedelmet ebben a szektorban.A kutatás során átfogó képet kaptam a projektmunkám során kitűzött célokra és kérdésekre. | |
| 695 | |a e-kereskedelem | ||
| 695 | |a elektronikus kereskedelem - online kereskedelem | ||
| 695 | |a fogyasztói szokások | ||
| 695 | |a magatartás | ||
| 695 | |a takarmányok | ||
| 695 | |a trend | ||
| 695 | |a vásárlás | ||
| 700 | 1 | |a Békési Gábor György |e ths | |
| 856 | 4 | 0 | |u http://dolgozattar.uni-bge.hu/59777/1/KE%CC%81SZ_projektmunka_bl5jqv_jozsabalazs.pdf |z Dokumentum-elérés |
| 856 | 4 | 0 | |u http://dolgozattar.uni-bge.hu/59777/2/Biralat_J%C3%B3zsa%20Bal%C3%A1zs%20Bendeg%C3%BAz.pdf |z Dokumentum-elérés |